KOHA-Header-6

Towards Understanding Islam (Record no. 9937)

000 -LEADER
fixed length control field 00265nam a2200109Ia 4500
100 ## - MAIN ENTRY--AUTHOR NAME
Personal name Abul Ala Mawdudi
245 #0 - TITLE STATEMENT
Title Towards Understanding Islam
260 ## - PUBLICATION, DISTRIBUTION, ETC. (IMPRINT)
Place of publication New Delhi
Name of publisher Dorling
Year of publication 2000
300 ## - PHYSICAL DESCRIPTION
Number of Pages 2005
942 ## - ADDED ENTRY ELEMENTS (KOHA)
Koha item type Books
Holdings
Withdrawn status Lost status Collection code Permanent Location Current Location Shelving location Date acquired Full call number Accession Number Koha item type
    Islamic Studies MAJU MAJU   2019-09-14 658.3 5982 Islamic Studies

Powered by Koha